| 000 | 00432nam a2200157 i 4500 | ||
|---|---|---|---|
| 001 | 96326 | ||
| 003 | ES-MaACL | ||
| 005 | 20230906181906.0 | ||
| 007 | t| | ||
| 008 | 050615s1970 sp ||||1| spa d | ||
| 100 | 1 |
_aMaglione, María. _975478 |
|
| 245 | 1 | 4 |
_aLas más bellas oraciones del mundo / _cMaría Maglione. |
| 260 |
_aBarcelona : _bDe Vecchi, _c1970. |
||
| 300 |
_a312 p. ; _c19 cm. |
||
| 852 |
_aES-MaACL _jA-10423 _bR.76017 |
||
| 999 |
_c96326 _d96326 |
||